00546nam a22001577a 45000050016000000200023000160350012000390370013000511000020000642450072000842600044001563000026002009420025002269990017002519520120002682012021007197.0 a8120318692c495.00 aB-62825 aDPLbENG aCatapult941546 aMicrosoft Windows me Millennium edition step by step /cby Catapult aNew DelhibPrentice-Hall of Indiac2001 axxvi, 258p. c22 cms. 2ddccENh005.43mCAT c62518d62518 001040708NFICaZLSbZLSd2012-02-10g495.00l0o005.43 CATpB-62825r2012-02-10 00:00:00v495.00w2012-02-10yEN